[Event "Winnipeg TNT September op"]
[Site "Winnipeg CAN"]
[Date "2007.09.04"]
[Round "1"]
[White "Lipic, Stephen"]
[Black "Khedkar, Jay S"]
[Result "1/2-1/2"]
[WhiteElo "1615"]
[BlackElo "2003"]
[PlyCount "124"]
[GameId "2160767910579418"]
[EventDate "2007.09.04"]
[EventType "swiss"]
[EventRounds "4"]
[EventCountry "CAN"]
[SourceTitle "EXT 2022"]
[Source "ChessBase"]
[SourceDate "2021.10.06"]
[SourceVersion "1"]
[SourceVersionDate "2021.10.06"]
[SourceQuality "1"]

1. f4 d5 2. Nf3 Nf6 3. e3 Bg4 4. Be2 Nc6 5. d3 g6 6. O-O Bg7 7. Nc3 O-O 8. Qe1 Nb4 9. Bd1 c5 10. a3 Nc6 11. e4 d4 12. Ne2 Bxf3 13. Rxf3 e5 14. f5 c4 15. Qh4 Nh5 16. Bg5 Bf6 17. Bxf6 Qxf6 18. Rh3 cxd3 19. cxd3 Qxh4 20. Rxh4 Ng7 21. Ng3 Rac8 22. Bg4 h5 23. f6 Ne6 24. Bxh5 gxh5 25. Nxh5 Nf4 26. Nxf4 exf4 27. Rg4+ Kh7 28. Rf1 Ne5 29. Rg7+ Kh6 30. g4 Rg8 31. g5+ Kh5 32. Rxf4 Rxg7 33. fxg7 Kg6 34. Rf5 Nxd3 35. h4 Kxg7 36. h5 Rc5 37. h6+ Kg8 38. b4 Rxf5 39. exf5 Ne1 40. Kf2 Nc2 41. Ke2 Nxa3 42. Kd3 Nb5 43. Kc4 b6 44. Kd3 a5 45. g6 fxg6 46. fxg6 axb4 47. Kc4 Kh8 48. Kxb4 Nd6 49. Kb3 b5 50. Kc2 b4 51. Kb3 d3 52. Kb2 Nc4+ 53. Ka2 d2 54. h7 d1=Q 55. g7+ Kxg7 56. h8=Q+ Kg6 57. Qg7+ Kf5 58. Qg6+ Kf4 59. Qg3+ Ke4 60. Qf4+ Kd5 61. Qe4+ Kc5 62. Qc6+ Kxc6 1/2-1/2

[Event "Winnipeg TNT September op"]
[Site "Winnipeg CAN"]
[Date "2007.09.04"]
[Round "1"]
[White "Liu, Weixi"]
[Black "Letain, Cory"]
[Result "1-0"]
[WhiteElo "1831"]
[BlackElo "1350"]
[PlyCount "57"]
[GameId "2160767910579419"]
[EventDate "2007.09.04"]
[EventType "swiss"]
[EventRounds "4"]
[EventCountry "CAN"]
[SourceTitle "EXT 2022"]
[Source "ChessBase"]
[SourceDate "2021.10.06"]
[SourceVersion "1"]
[SourceVersionDate "2021.10.06"]
[SourceQuality "1"]

1. d4 d5 2. c4 c6 3. Nf3 Nf6 4. Nc3 dxc4 5. e3 b5 6. a4 b4 7. Na2 e6 8. Bxc4 Ba6 9. Bxa6 Nxa6 10. O-O Bd6 11. Bd2 Ne4 12. Qc2 Nxd2 13. Qxc6+ Ke7 14. Nxd2 Nc7 15. Rfc1 Rc8 16. Ne4 a5 17. Qxd6+ Qxd6 18. Nxd6 Kxd6 19. Rc5 Ra8 20. Rac1 Rhc8 21. R1c4 Kd7 22. e4 Ne8 23. Nc1 Nd6 24. Rxc8 Rxc8 25. Rxc8 Kxc8 26. f3 Nc4 27. b3 Kc7 28. bxc4 Kc6 29. Nb3 1-0

[Event "Winnipeg TNT September op"]
[Site "Winnipeg CAN"]
[Date "2007.09.04"]
[Round "1"]
[White "Oberton, Daniel"]
[Black "Einarsson, Ken"]
[Result "1-0"]
[WhiteElo "2011"]
[BlackElo "1683"]
[PlyCount "99"]
[GameId "2160767910579420"]
[EventDate "2007.09.04"]
[EventType "swiss"]
[EventRounds "4"]
[EventCountry "CAN"]
[SourceTitle "EXT 2022"]
[Source "ChessBase"]
[SourceDate "2021.10.06"]
[SourceVersion "1"]
[SourceVersionDate "2021.10.06"]
[SourceQuality "1"]

1. e4 e5 2. f4 exf4 3. Nf3 Nc6 4. Bc4 d6 5. d4 Nf6 6. Nc3 Be7 7. Bxf4 Nxe4 8. Nxe4 d5 9. Bd3 dxe4 10. Bxe4 Bg4 11. c3 O-O 12. O-O Qd7 13. Qc2 g6 14. d5 Bc5+ 15. Kh1 Ne7 16. Ne5 Qc8 17. Nxg4 Qxg4 18. Bxc7 Qd7 19. Bf4 Nc8 20. c4 Nd6 21. Bd3 Rac8 22. Qd2 f5 23. b4 Bd4 24. Rac1 Rfe8 25. Rfe1 Rxe1+ 26. Qxe1 Re8 27. Qd2 Ne4 28. Bxe4 Rxe4 29. Re1 Qe8 30. Bg3 f4 31. Rxe4 Qxe4 32. Qe1 Be3 33. Bf2 Qxc4 34. Bxe3 fxe3 35. Qxe3 Qxd5 36. Qxa7 Qe4 37. Qb8+ Kg7 38. Qc7+ Kg8 39. Qc8+ Kg7 40. Qc3+ Kf7 41. Qb3+ Kg7 42. Qb2+ Kg8 43. h3 Qe1+ 44. Kh2 Qf1 45. Qb3+ Kg7 46. Qf3 Qb5 47. Qc3+ Kh6 48. Qc5 Qe8 49. Qc1+ Kg7 50. Qc7+ 1-0

[Event "Winnipeg TNT September op"]
[Site "Winnipeg CAN"]
[Date "2007.09.04"]
[Round "1"]
[White "Schulz, Waldemar"]
[Black "Campbell, Gary"]
[Result "1-0"]
[WhiteElo "2052"]
[BlackElo "1714"]
[PlyCount "72"]
[GameId "2160767910579421"]
[EventDate "2007.09.04"]
[EventType "swiss"]
[EventRounds "4"]
[EventCountry "CAN"]
[SourceTitle "EXT 2022"]
[Source "ChessBase"]
[SourceDate "2021.10.06"]
[SourceVersion "1"]
[SourceVersionDate "2021.10.06"]
[SourceQuality "1"]

1. d4 d5 2. c4 e6 3. g3 c6 4. Bg2 dxc4 5. Nf3 Nf6 6. O-O Nbd7 7. a4 c5 8. Na3 cxd4 9. Nxc4 Qc7 10. Qxd4 Bc5 11. Qc3 Nb6 12. Nxb6 Bxb6 13. a5 Qxc3 14. bxc3 Bc7 15. Nd4 a6 16. Bg5 Rb8 17. Rfb1 e5 18. Bxf6 gxf6 19. Nb3 b6 20. axb6 Rxb6 21. Nc5 Rxb1+ 22. Rxb1 Ke7 23. Ra1 a5 24. Nb3 Rd8 25. h4 Rd6 26. Nxa5 Ra6 27. Nc6+ Kd6 28. Rd1+ Kc5 29. Nb4 Rd6 30. Bd5 Ba5 31. e4 Bxb4 32. cxb4+ Kxb4 33. Rb1+ Ka5 34. Bxf7 Rb6 35. Rc1 Bg4 36. Kg2 Rb2 1-0

[Event "Winnipeg TNT September op"]
[Site "Winnipeg CAN"]
[Date "2007.09.04"]
[Round "1"]
[White "Silva, T Romero"]
[Black "Magnusson, Saul"]
[Result "1-0"]
[WhiteElo "1776"]
[BlackElo "1056"]
[PlyCount "72"]
[GameId "2160767910579422"]
[EventDate "2007.09.04"]
[EventType "swiss"]
[EventRounds "4"]
[EventCountry "CAN"]
[SourceTitle "EXT 2022"]
[Source "ChessBase"]
[SourceDate "2021.10.06"]
[SourceVersion "1"]
[SourceVersionDate "2021.10.06"]
[SourceQuality "1"]

1. e4 e5 2. Nf3 Nc6 3. Bc4 Bc5 4. O-O d6 5. d3 Bg4 6. c3 Na5 7. Bb5+ c6 8. Ba4 b5 9. Bc2 b4 10. Bd2 Rb8 11. Qe2 Nf6 12. Bg5 h6 13. Bh4 O-O 14. Nbd2 bxc3 15. bxc3 Rb2 16. Qd1 Qe7 17. h3 Bh5 18. g4 Bxg4 19. hxg4 g5 20. Nxg5 hxg5 21. Bxg5 Kg7 22. Kg2 Qe6 23. f3 d5 24. Bb3 Nh7 25. Bh4 Qh6 26. Bf2 Rxd2 27. Qe1 Rxf2+ 28. Rxf2 Bxf2 29. Qxf2 a6 30. exd5 Nxb3 31. axb3 cxd5 32. Qe2 Nf6 33. Rxa6 Rh8 34. Qxe5 Qd2+ 35. Kg1 Rh6 36. g5 Rh5 1-0

[Event "Winnipeg TNT September op"]
[Site "Winnipeg CAN"]
[Date "2007.09.11"]
[Round "2"]
[White "Einarsson, Ken"]
[Black "Magnusson, Saul"]
[Result "0-1"]
[WhiteElo "1683"]
[BlackElo "1056"]
[PlyCount "50"]
[GameId "2160767910579423"]
[EventDate "2007.09.04"]
[EventType "swiss"]
[EventRounds "4"]
[EventCountry "CAN"]
[SourceTitle "EXT 2022"]
[Source "ChessBase"]
[SourceDate "2021.10.06"]
[SourceVersion "1"]
[SourceVersionDate "2021.10.06"]
[SourceQuality "1"]

1. d4 d5 2. c4 e6 3. Nc3 Nf6 4. Bg5 Be7 5. Nf3 Nbd7 6. e3 O-O 7. cxd5 exd5 8. Bd3 c6 9. Ne5 h6 10. Bf4 Re8 11. Qc2 Nh5 12. Nxf7 Kxf7 13. Bg6+ Kg8 14. Bxh5 Rf8 15. Nxd5 cxd5 16. Bc7 Bb4+ 17. Kf1 Qg5 18. Bf3 Nf6 19. Qb3 Be7 20. e4 Be6 21. h4 Qg6 22. exd5 Bf7 23. Qxb7 Qd3+ 24. Be2 Qxd4 25. d6 Ne4 0-1

[Event "Winnipeg TNT September op"]
[Site "Winnipeg CAN"]
[Date "2007.09.11"]
[Round "2"]
[White "Greenberg, Harley"]
[Black "Reimer, Bruce"]
[Result "1-0"]
[WhiteElo "1827"]
[BlackElo "1541"]
[PlyCount "39"]
[GameId "2160767910579424"]
[EventDate "2007.09.04"]
[EventType "swiss"]
[EventRounds "4"]
[EventCountry "CAN"]
[SourceTitle "EXT 2022"]
[Source "ChessBase"]
[SourceDate "2021.10.06"]
[SourceVersion "1"]
[SourceVersionDate "2021.10.06"]
[SourceQuality "1"]

1. d4 Nf6 2. c4 e6 3. Nf3 b6 4. g3 Bb7 5. Bg2 Be7 6. O-O O-O 7. Nc3 d5 8. cxd5 Nxd5 9. Bd2 Nc6 10. Rc1 Bf6 11. e4 Nde7 12. e5 Bxe5 13. dxe5 Nd4 14. Nxd4 Bxg2 15. Kxg2 Qxd4 16. Bg5 Nc6 17. Qxd4 Nxd4 18. Rfd1 Nc6 19. f4 Nb4 20. Be7 1-0

[Event "Winnipeg TNT September op"]
[Site "Winnipeg CAN"]
[Date "2007.09.11"]
[Round "2"]
[White "Kaptsan, Aron"]
[Black "Liu, Weixi"]
[Result "1/2-1/2"]
[WhiteElo "2030"]
[BlackElo "1831"]
[PlyCount "109"]
[GameId "2160767910579425"]
[EventDate "2007.09.04"]
[EventType "swiss"]
[EventRounds "4"]
[EventCountry "CAN"]
[SourceTitle "EXT 2022"]
[Source "ChessBase"]
[SourceDate "2021.10.06"]
[SourceVersion "1"]
[SourceVersionDate "2021.10.06"]
[SourceQuality "1"]

1. e4 e6 2. d4 d5 3. Nd2 a6 4. e5 c5 5. c3 Nc6 6. Nb3 Bd7 7. f4 cxd4 8. cxd4 Qb6 9. Nf3 Nge7 10. Bd3 g6 11. O-O Nf5 12. Bxf5 gxf5 13. Kh1 Be7 14. Be3 O-O-O 15. Rc1 Rhg8 16. Rf2 Rg6 17. Nc5 Rdg8 18. b4 Kd8 19. a3 Na7 20. Nd2 Bh4 21. g3 Be7 22. Ndb3 Rh8 23. Qh5 Bc6 24. Na5 Qb5 25. Rfc2 Bxc5 26. Rxc5 Qd3 27. R5c3 Qe4+ 28. Kg1 Ke8 29. Nxc6 Nxc6 30. Kf2 Kf8 31. Qf3 Kg7 32. Qxe4 fxe4 33. Rc5 h5 34. h3 Kh7 35. b5 axb5 36. Rxb5 Nd8 37. Bd2 Rhg8 38. Rg1 f5 39. exf6 Rxf6 40. Ba5 Rf7 41. Rgb1 h4 42. Bxd8 hxg3+ 43. Kg2 Rxd8 44. Rxb7 Kg6 45. Rxf7 Kxf7 46. a4 Rg8 47. Rb3 Ra8 48. Ra3 Kf6 49. Kxg3 Kf5 50. a5 Rg8+ 51. Kf2 Kxf4 52. a6 Ra8 53. a7 e5 54. dxe5 Kxe5 55. h4 1/2-1/2

[Event "Winnipeg TNT September op"]
[Site "Winnipeg CAN"]
[Date "2007.09.11"]
[Round "2"]
[White "Khedkar, Jay S"]
[Black "Green, Jim"]
[Result "1-0"]
[WhiteElo "2003"]
[BlackElo "1753"]
[PlyCount "76"]
[GameId "2160767910579426"]
[EventDate "2007.09.04"]
[EventType "swiss"]
[EventRounds "4"]
[EventCountry "CAN"]
[SourceTitle "EXT 2022"]
[Source "ChessBase"]
[SourceDate "2021.10.06"]
[SourceVersion "1"]
[SourceVersionDate "2021.10.06"]
[SourceQuality "1"]

1. e4 e5 2. f4 Bc5 3. Nf3 d6 4. Nc3 Nc6 5. Bb5 Bg4 6. h3 Bxf3 7. Qxf3 Nf6 8. Na4 Bb6 9. c3 O-O 10. Nxb6 axb6 11. O-O exf4 12. d4 Qe7 13. Bxc6 bxc6 14. e5 dxe5 15. dxe5 Nd5 16. Bxf4 Nxf4 17. Qxf4 Ra5 18. Qc4 Qc5+ 19. Qxc5 Rxc5 20. Rad1 Rd5 21. c4 Rdd8 22. Kf2 Rfe8 23. Kf3 Kf8 24. Kf4 c5 25. a4 Ke7 26. Rd5 c6 27. Rdd1 Rd4+ 28. Rxd4 cxd4 29. Ke4 c5 30. Kd5 Rc8 31. Rf3 Rd8+ 32. Kc6 d3 33. Rf1 Rd4 34. b3 Ke6 35. Kxb6 d2 36. Rd1 Kxe5 37. Kxc5 Ke4 38. a5 Ke3 1-0

[Event "Winnipeg TNT September op"]
[Site "Winnipeg CAN"]
[Date "2007.09.11"]
[Round "2"]
[White "Kwiatek, Jordan"]
[Black "Oberton, Daniel"]
[Result "0-1"]
[WhiteElo "1791"]
[BlackElo "2011"]
[PlyCount "62"]
[GameId "2160767910579427"]
[EventDate "2007.09.04"]
[EventType "swiss"]
[EventRounds "4"]
[EventCountry "CAN"]
[SourceTitle "EXT 2022"]
[Source "ChessBase"]
[SourceDate "2021.10.06"]
[SourceVersion "1"]
[SourceVersionDate "2021.10.06"]
[SourceQuality "1"]

1. d4 Nf6 2. c4 g6 3. Nc3 Bg7 4. e4 d6 5. Be2 O-O 6. f4 c5 7. Nf3 cxd4 8. Nxd4 Nc6 9. Be3 Bd7 10. O-O Qb6 11. Qd2 Nxe4 12. Nxc6 Nxd2 13. Nxe7+ Kh8 14. Bxb6 Nxf1 15. Bc7 Ne3 16. Bf3 Bc6 17. Nxc6 bxc6 18. Bxd6 Rfd8 19. c5 Rac8 20. Re1 Nc4 21. Be7 Re8 22. Re4 Nxb2 23. Ne2 f5 24. Re6 Rc7 25. Bd6 Rxe6 26. Bxc7 Nd3 27. Bd6 Bd4+ 28. Kf1 Bxc5 29. Bb8 Re8 30. Bc7 Rc8 31. Ba5 Bb4 0-1

[Event "Winnipeg TNT September op"]
[Site "Winnipeg CAN"]
[Date "2007.09.11"]
[Round "2"]
[White "Letain, Cory"]
[Black "Huynh, Peter"]
[Result "0-1"]
[WhiteElo "1350"]
[BlackElo "1691"]
[PlyCount "98"]
[GameId "2160767910579428"]
[EventDate "2007.09.04"]
[EventType "swiss"]
[EventRounds "4"]
[EventCountry "CAN"]
[SourceTitle "EXT 2022"]
[Source "ChessBase"]
[SourceDate "2021.10.06"]
[SourceVersion "1"]
[SourceVersionDate "2021.10.06"]
[SourceQuality "1"]

1. d4 Nf6 2. c4 e5 3. dxe5 Ng4 4. e6 dxe6 5. Qxd8+ Kxd8 6. h3 Nf6 7. Nc3 Nc6 8. Nf3 Bb4 9. Bd2 Ke7 10. e3 b6 11. Be2 Bb7 12. O-O Rad8 13. Rad1 Bxc3 14. Bxc3 Rhe8 15. Bxf6+ gxf6 16. a3 Ne5 17. Nxe5 fxe5 18. Rxd8 Rxd8 19. Rd1 Rxd1+ 20. Bxd1 a5 21. Bc2 h6 22. e4 Kd6 23. b4 axb4 24. axb4 c5 25. b5 Ke7 26. g4 Kf6 27. Kg2 Kg5 28. Kg3 Bc8 29. h4+ Kg6 30. f4 exf4+ 31. Kxf4 f6 32. h5+ Kf7 33. e5 Bb7 34. Be4 fxe5+ 35. Kxe5 Bxe4 36. Kxe4 Kf6 37. Kf4 Kf7 38. Ke5 Ke7 39. g5 hxg5 40. h6 Kf7 41. h7 Kg7 42. h8=Q+ Kxh8 43. Ke4 Kg7 44. Ke5 Kg6 45. Kxe6 g4 46. Kd6 g3 47. Kc6 g2 48. Kxb6 g1=Q 49. Kc6 Qd4 0-1

[Event "Winnipeg TNT September op"]
[Site "Winnipeg CAN"]
[Date "2007.09.11"]
[Round "2"]
[White "Rutter, Blair"]
[Black "Schulz, Waldemar"]
[Result "0-1"]
[WhiteElo "1848"]
[BlackElo "2052"]
[PlyCount "64"]
[GameId "2160767910579429"]
[EventDate "2007.09.04"]
[EventType "swiss"]
[EventRounds "4"]
[EventCountry "CAN"]
[SourceTitle "EXT 2022"]
[Source "ChessBase"]
[SourceDate "2021.10.06"]
[SourceVersion "1"]
[SourceVersionDate "2021.10.06"]
[SourceQuality "1"]

1. c4 Nf6 2. g3 c6 3. Nc3 d5 4. d4 g6 5. Bg2 Bg7 6. Bg5 Ne4 7. Nxe4 dxe4 8. Be3 Bf5 9. Qb3 Qb6 10. Qc3 O-O 11. f3 c5 12. Rd1 Nc6 13. fxe4 cxd4 14. c5 dxc3 15. cxb6 Be6 16. bxc3 Bxc3+ 17. Kf2 axb6 18. Bxb6 Rxa2 19. Nh3 Rb2 20. Rb1 Rxb6 21. Rxb6 Bd4+ 22. e3 Bxb6 23. Rb1 Bc7 24. Rxb7 Bd6 25. Rb6 Ne5 26. Nf4 Rc8 27. h3 Rc2+ 28. Kg1 Nc4 29. Rb1 Nxe3 30. Bf3 Bxf4 31. gxf4 Bxh3 32. e5 Bg2 0-1

[Event "Winnipeg TNT September op"]
[Site "Winnipeg CAN"]
[Date "2007.09.11"]
[Round "2"]
[White "Silva, T Romero"]
[Black "Boron, Anthony"]
[Result "1-0"]
[WhiteElo "1776"]
[BlackElo "1973"]
[PlyCount "93"]
[GameId "2160767910579430"]
[EventDate "2007.09.04"]
[EventType "swiss"]
[EventRounds "4"]
[EventCountry "CAN"]
[SourceTitle "EXT 2022"]
[Source "ChessBase"]
[SourceDate "2021.10.06"]
[SourceVersion "1"]
[SourceVersionDate "2021.10.06"]
[SourceQuality "1"]

1. Nf3 Nf6 2. c4 c6 3. Nc3 d5 4. cxd5 cxd5 5. d4 a6 6. g3 Nc6 7. Bg2 Bf5 8. O-O h6 9. Re1 e6 10. e3 Bd6 11. a3 O-O 12. b4 b5 13. Bb2 Rc8 14. Rc1 Qb6 15. Qb3 Rb8 16. Nd2 Rfc8 17. Ne2 a5 18. Bc3 axb4 19. axb4 Ra8 20. Ra1 Bd3 21. Nf4 Bc4 22. Qb2 Qb7 23. Bf3 Qe7 24. Rxa8 Rxa8 25. Nxc4 bxc4 26. b5 Rb8 27. Rb1 Nd8 28. Ne2 Ba3 29. Qa2 Bd6 30. Qa6 Nd7 31. e4 Nb6 32. Ba5 Bc7 33. Bxb6 Rxb6 34. Qa4 Qf6 35. Kg2 g5 36. h3 Qg6 37. Nc3 Qf6 38. Rd1 dxe4 39. Nxe4 Qe7 40. Qxc4 f5 41. Nc3 Nf7 42. Re1 Qd7 43. Bc6 Qd6 44. Rxe6 Rxc6 45. bxc6 Qa3 46. Nb5 Bxg3 47. Nxa3 1-0

[Event "Winnipeg TNT September op"]
[Site "Winnipeg CAN"]
[Date "2007.09.11"]
[Round "2"]
[White "Tang, Edward"]
[Black "Evans, Brian"]
[Result "1-0"]
[WhiteElo "2057"]
[BlackElo "1495"]
[PlyCount "57"]
[GameId "2160767910579431"]
[EventDate "2007.09.04"]
[EventType "swiss"]
[EventRounds "4"]
[EventCountry "CAN"]
[SourceTitle "EXT 2022"]
[Source "ChessBase"]
[SourceDate "2021.10.06"]
[SourceVersion "1"]
[SourceVersionDate "2021.10.06"]
[SourceQuality "1"]

1. d4 Nf6 2. c4 g6 3. Nc3 Bg7 4. e4 d6 5. Nf3 Bg4 6. Be2 Bxf3 7. Bxf3 c6 8. O-O Nbd7 9. Qe2 O-O 10. e5 dxe5 11. dxe5 Ne8 12. e6 Ne5 13. exf7+ Rxf7 14. Be4 Nd6 15. Bc2 Nexc4 16. Bb3 b5 17. Be3 Kh8 18. Bc5 Rf5 19. Bxd6 Nxd6 20. Rad1 Qc7 21. Qe6 Re5 22. Qg4 a5 23. Rd3 b4 24. Nd1 Re4 25. Qg5 Rf8 26. Rh3 Rf5 27. Qxg6 h5 28. Rxh5+ Rxh5 29. Qxh5+ 1-0

[Event "Winnipeg TNT September op"]
[Site "Winnipeg CAN"]
[Date "2007.09.11"]
[Round "2"]
[White "Trueman, Francis"]
[Black "Gibbons, Lorne"]
[Result "0-1"]
[WhiteElo "1533"]
[BlackElo "1280"]
[PlyCount "91"]
[GameId "2160767910579432"]
[EventDate "2007.09.04"]
[EventType "swiss"]
[EventRounds "4"]
[EventCountry "CAN"]
[SourceTitle "EXT 2022"]
[Source "ChessBase"]
[SourceDate "2021.10.06"]
[SourceVersion "1"]
[SourceVersionDate "2021.10.06"]
[SourceQuality "1"]

1. Nf3 d5 2. d3 Nc6 3. g3 e5 4. Bg2 f5 5. O-O Nf6 6. Ne1 Be6 7. f4 exf4 8. Bxf4 Bd6 9. c3 Bxf4 10. Rxf4 g5 11. Rf1 Ng4 12. Rf3 Nce5 13. Qa4+ c6 14. Qd4 Nxf3+ 15. Bxf3 Nf6 16. Bg2 g4 17. Qe5 Ke7 18. Nc2 Qd6 19. Qe3 b6 20. Nd4 Kf7 21. Nd2 Rae8 22. Qg5 Qc5 23. Rf1 h6 24. Qf4 Kg6 25. N2b3 Nh5 26. Qf2 Qf8 27. Nxc6 Qg7 28. d4 Rc8 29. Ne5+ Kh7 30. Bxd5 Bd7 31. e3 Rhf8 32. Nc1 Nf6 33. Nxd7 Nxd7 34. Be6 h5 35. Bxf5+ Kh8 36. Nd3 Rce8 37. Qe2 Nb8 38. e4 Nc6 39. Nf4 Rxf5 40. Qd3 Rg5 41. e5 Re7 42. Qe2 Qh7 43. Qc4 Nd8 44. e6 Qf5 45. d5 Nxe6 46. Nxe6 0-1

[Event "Winnipeg TNT September op"]
[Site "Winnipeg CAN"]
[Date "2007.09.11"]
[Round "2"]
[White "Wasserman, Arie"]
[Black "Van Wyk, Joseph"]
[Result "0-1"]
[WhiteElo "1601"]
[BlackElo "1913"]
[PlyCount "54"]
[GameId "2160767910579433"]
[EventDate "2007.09.04"]
[EventType "swiss"]
[EventRounds "4"]
[EventCountry "CAN"]
[SourceTitle "EXT 2022"]
[Source "ChessBase"]
[SourceDate "2021.10.06"]
[SourceVersion "1"]
[SourceVersionDate "2021.10.06"]
[SourceQuality "1"]

1. e4 c6 2. Nf3 d5 3. exd5 cxd5 4. d4 Nc6 5. Bb5 e6 6. Ne5 Bd7 7. Nxd7 Qxd7 8. Bf4 Nf6 9. Nd2 Bd6 10. Bxd6 Qxd6 11. Nf3 Qb4+ 12. c3 Qxb5 13. Qc2 Rc8 14. a4 Qa6 15. Qd2 Ne4 16. Qe3 Na5 17. Qf4 O-O 18. Ne5 f6 19. Nf3 e5 20. dxe5 fxe5 21. Qxe5 Rce8 22. Qxd5+ Kh8 23. Ne5 Nxf2 24. Rf1 Nd3+ 25. Kd2 Nxe5 26. Rxf8+ Rxf8 27. Qc5 Nb3+ 0-1

[Event "Winnipeg TNT September op"]
[Site "Winnipeg CAN"]
[Date "2007.09.11"]
[Round "2"]
[White "Wasserman, Leor"]
[Black "Lipic, Stephen"]
[Result "1/2-1/2"]
[WhiteElo "1498"]
[BlackElo "1615"]
[PlyCount "79"]
[GameId "2160767910579434"]
[EventDate "2007.09.04"]
[EventType "swiss"]
[EventRounds "4"]
[EventCountry "CAN"]
[SourceTitle "EXT 2022"]
[Source "ChessBase"]
[SourceDate "2021.10.06"]
[SourceVersion "1"]
[SourceVersionDate "2021.10.06"]
[SourceQuality "1"]

1. e4 c6 2. Nf3 g6 3. d4 d5 4. exd5 cxd5 5. Be2 Bg7 6. Be3 Bg4 7. Nc3 Nf6 8. Qd2 O-O 9. O-O Bxf3 10. Bxf3 e6 11. Bh6 Nc6 12. a3 Qb6 13. Be3 Qxb2 14. Rfb1 Qxa1 15. Rxa1 Na5 16. Be2 Rac8 17. Na2 Nc4 18. Bxc4 Rxc4 19. c3 Rfc8 20. f3 a5 21. Rb1 R8c7 22. Bf4 Rd7 23. Rb5 Ra4 24. Qb2 Bf8 25. Qb1 Rxa3 26. Be5 Ne8 27. Rb3 Ra4 28. Nc1 Nd6 29. Bxd6 Bxd6 30. Rxb7 Rxb7 31. Qxb7 Bf4 32. Ne2 Be3+ 33. Kf1 Ra1+ 34. Nc1 Rxc1+ 35. Ke2 Rxc3 36. Qb8+ Kg7 37. Qe5+ Kg8 38. Qb8+ Kg7 39. Qe5+ Kg8 40. Qb8+ 1/2-1/2

[Event "Winnipeg TNT September op"]
[Site "Winnipeg CAN"]
[Date "2007.09.18"]
[Round "3"]
[White "Boron, Anthony"]
[Black "Wasserman, Leor"]
[Result "1-0"]
[WhiteElo "1973"]
[BlackElo "1498"]
[PlyCount "119"]
[GameId "2160767910579435"]
[EventDate "2007.09.04"]
[EventType "swiss"]
[EventRounds "4"]
[EventCountry "CAN"]
[SourceTitle "EXT 2022"]
[Source "ChessBase"]
[SourceDate "2021.10.06"]
[SourceVersion "1"]
[SourceVersionDate "2021.10.06"]
[SourceQuality "1"]

1. Nf3 Nc6 2. d4 d5 3. g3 Nf6 4. Bg2 Bf5 5. c3 Qd7 6. Bf4 e6 7. Qb3 Na5 8. Qd1 Be7 9. Ne5 Qb5 10. b4 Nc4 11. a4 Qa6 12. O-O Nxe5 13. Bxe5 Qc6 14. Qb3 O-O 15. b5 Qd7 16. Nd2 Ne4 17. Bf4 c5 18. Nxe4 Bxe4 19. Bxe4 dxe4 20. Rfd1 Qc8 21. d5 c4 22. Qc2 exd5 23. Rxd5 Qe6 24. Re5 Qf6 25. Rxe4 Rac8 26. Be5 Qf5 27. Qb1 Bc5 28. Bd4 Bxd4 29. Rxd4 Qe5 30. Qd1 h6 31. Qd2 Rc7 32. Rd1 Re7 33. e3 Rc7 34. Rd5 Qe7 35. Rd8 Rc8 36. Rxc8 Rxc8 37. Qd7 Re8 38. Qxe7 Rxe7 39. Rd8+ Kh7 40. Rc8 Rd7 41. Rxc4 Rd1+ 42. Kg2 Ra1 43. Rc7 Kg6 44. Rxb7 Rxa4 45. Rc7 Ra3 46. c4 Rc3 47. g4 Kf6 48. h4 g5 49. Rc6+ Kg7 50. Kg3 Rc1 51. h5 Rg1+ 52. Kf3 Rb1 53. Ke4 Rb2 54. f3 Rb4 55. Kd4 Rb1 56. Ra6 Rf1 57. c5 Rxf3 58. c6 Rg3 59. c7 Rxg4+ 60. Kd3 1-0

[Event "Winnipeg TNT September op"]
[Site "Winnipeg CAN"]
[Date "2007.09.18"]
[Round "3"]
[White "Evans, Brian"]
[Black "Letain, Cory"]
[Result "1-0"]
[WhiteElo "1495"]
[BlackElo "1350"]
[PlyCount "71"]
[GameId "2160767910579436"]
[EventDate "2007.09.04"]
[EventType "swiss"]
[EventRounds "4"]
[EventCountry "CAN"]
[SourceTitle "EXT 2022"]
[Source "ChessBase"]
[SourceDate "2021.10.06"]
[SourceVersion "1"]
[SourceVersionDate "2021.10.06"]
[SourceQuality "1"]

1. e4 e5 2. Nf3 Nf6 3. Nc3 Nc6 4. Bb5 d6 5. h3 Bd7 6. O-O Be7 7. d4 Qc8 8. Bxc6 bxc6 9. dxe5 dxe5 10. Nxe5 Bxh3 11. gxh3 Qxh3 12. Qf3 Qh4 13. Qg3 Qh5 14. Nxc6 g5 15. Nxe7 Kxe7 16. Nd5+ Nxd5 17. exd5 f6 18. Qxc7+ Kf8 19. Qd6+ Kg7 20. Qg3 Rhe8 21. Be3 Re4 22. f4 Rae8 23. Rae1 Qh4 24. Qxh4 gxh4 25. Bd2 Re2 26. Rxe2 Rxe2 27. Rf2 Re4 28. b3 Rd4 29. c4 Rd3 30. Rg2+ Kf7 31. b4 h3 32. Rh2 h5 33. Be1 Kg6 34. Rc2 Rd4 35. Bd2 Kf5 36. Kh2 1-0

[Event "Winnipeg TNT September op"]
[Site "Winnipeg CAN"]
[Date "2007.09.18"]
[Round "3"]
[White "Gibbons, Lorne"]
[Black "Campbell, Gary"]
[Result "0-1"]
[WhiteElo "1280"]
[BlackElo "1714"]
[PlyCount "40"]
[GameId "2160767910579437"]
[EventDate "2007.09.04"]
[EventType "swiss"]
[EventRounds "4"]
[EventCountry "CAN"]
[SourceTitle "EXT 2022"]
[Source "ChessBase"]
[SourceDate "2021.10.06"]
[SourceVersion "1"]
[SourceVersionDate "2021.10.06"]
[SourceQuality "1"]

1. d4 d5 2. c4 e6 3. Nf3 Nf6 4. Bd2 Be7 5. Nc3 O-O 6. a3 c5 7. cxd5 exd5 8. Bg5 c4 9. Bxf6 Bxf6 10. e4 dxe4 11. Nxe4 Re8 12. Nfd2 Qxd4 13. Bxc4 Rxe4+ 14. Nxe4 Qxe4+ 15. Be2 Qxg2 16. Bf3 Qh3 17. Rc1 Nc6 18. Bxc6 bxc6 19. Rxc6 Bb7 20. Rd6 Re8+ 0-1

[Event "Winnipeg TNT September op"]
[Site "Winnipeg CAN"]
[Date "2007.09.18"]
[Round "3"]
[White "Gibson, Fred"]
[Black "Trueman, Francis"]
[Result "1-0"]
[WhiteElo "1347"]
[BlackElo "1533"]
[PlyCount "53"]
[GameId "2160767910579438"]
[EventDate "2007.09.04"]
[EventType "swiss"]
[EventRounds "4"]
[EventCountry "CAN"]
[SourceTitle "EXT 2022"]
[Source "ChessBase"]
[SourceDate "2021.10.06"]
[SourceVersion "1"]
[SourceVersionDate "2021.10.06"]
[SourceQuality "1"]

1. e4 d6 2. d4 Nf6 3. Nc3 g6 4. Nf3 Bg7 5. Bc4 O-O 6. Be3 Nbd7 7. Qd2 e5 8. dxe5 dxe5 9. Bh6 c6 10. Bxg7 Kxg7 11. O-O-O a5 12. Nxe5 Qc7 13. Nxd7 Bxd7 14. h4 b5 15. Bd3 b4 16. Na4 c5 17. b3 Bxa4 18. bxa4 c4 19. Be2 c3 20. Qd4 Rad8 21. Qe3 Qe7 22. Bf3 Qe6 23. Kb1 Qc6 24. e5 Nd5 25. Qg5 h6 26. Bxd5 Rxd5 27. Qf6+ 1-0